00611 a2200193 450000100060000002000160000604000240002210000320004624000210007824500160009930000070011536200090012244000230013165000310015494200070018595201040019295201040029699900170040069421 a85766601180 cAnchieta - Itaigara aSouza, Alexandre Barbosa de10aDom Quixotelpor10aDom Quixote a710 a2004 1aEscala Educacional 4aLiteratura infanto-juvenil cBK 00104070a88.1b88.1d2023-11-21l0o028.5 CER DOMp1737/ITAr2023-11-21 20:03:59w2023-11-21yBK 00104070a88.1b88.1d2023-11-21l0o028.5 CER DOMp1738/ITAr2023-11-21 20:03:59w2023-11-21yBK c69421d69421